000 00766nam a2200289Ia 4500
001 795
005 20240113233430.0
007 ta
008 050125s1936 a g b000 u eng u
020 _cHB
040 _aCotton College,Assam
041 _aeng
082 _a954.1
_bBh 469 Ka
100 _aBhuyan, S. K .
245 0 _aKachari Buranji /
_cS. K. Bhuyan.
_hTextual Documents
250 _a1st ed. /
260 _aGauhati :
_bGovernment of Assam ,
_c1936.
300 _a149p. :
_bill ;
_c21cm .
500 _aCollected from old Assamese manuscript chronicles.
653 _aHistory-Kachari
653 _aAssam History
653 _aHistory-Assam
653 _aRef-History
942 _2ddc
_cBK
999 _c793
_d793